| 000 | 00847nam a2200253 i 4500 | ||
|---|---|---|---|
| 001 | 180866 | ||
| 003 | ES-MaACL | ||
| 005 | 20260114063025.0 | ||
| 008 | 120724s1991 sp ao |||| | spa d | ||
| 020 | _a84-7679-199-2 | ||
| 080 | _a7.035(460) | ||
| 100 | 1 |
_aBuendía, José Rogelio, _d1928- _932366 |
|
| 245 | 1 | 0 |
_aNeoclasicismo y romanticismo / _cpor José Rogelio Buendía Muñoz. |
| 260 |
_aMadrid : _bHistoria Viva, _c[1991] |
||
| 300 |
_aVIII, 31 p. : _bil. col. y n. ; _c24 cm. |
||
| 490 | 1 |
_aCuadernos de arte español ; _v64 |
|
| 504 | _aBibliografía: p. 31. | ||
| 594 | _aEn cub.: Historia 16. | ||
| 650 | 7 |
_aRomanticismo (Arte)- _zEspaña. _9151159 |
|
| 650 | 7 |
_aArte neoclásico- _zEspaña. _9151160 |
|
| 830 | 0 | 0 |
_aCuadernos de arte español _v64 _9191338 |
| 852 |
_aES-MaACL _j2314-F-40 |
||
| 999 |
_c180866 _d180866 |
||